000 00552nam a2200193Ia 4500
003 IN-BaIIA
008 211028s9999 xx 000 0 eng d
020 _a0-07-045489-2
040 _cIIA Library
080 _a031:5
_bMCG-YB83
245 0 _aMcGraw-Hill yearbook of science and technology
_cedited by Sybil P. Parker
260 _aNew York
_bMcGraw-Hill
_c1982
300 _a500p.
650 _aNASA Thesaurus
650 _aYearbooks-Science
_99566
650 _aYearbooks-Technology
_99567
700 _aParker, Sybil P., ed.
_913089
942 _cBK
999 _c7745
_d7745